Nghiên cứu tuyển chọn Rhodotorula có khả năng sinh tổng hợp Beta-Carotene trên môi trường bán rắn làm thức ăn cho gà đẻ trứng: Luận án Tiến sĩ Kỹ thuật - Chuyên ngành: Công nghệ Thực phẩm và Đồ uống

Đã lưu trong:
书目详细资料
主要作者: Nguyễn, Thị Minh Nguyệt
格式: Luận văn
语言:Undetermined
出版: Trường Đại học Bách Khoa Tp. Hồ Chí Minh 2011
主题:
标签: 添加标签
没有标签, 成为第一个标记此记录!
Thư viện lưu trữ: Trung tâm Thư viện - Trường Đại học Công nghiệp TP. Hồ Chí Minh
LEADER 00831nam a2200157Ia 4500
001 UIH_01836
008 230809s9999 xx 000 0 und d
082 |a 664 
100 |a Nguyễn, Thị Minh Nguyệt 
245 0 |a Nghiên cứu tuyển chọn Rhodotorula có khả năng sinh tổng hợp Beta-Carotene trên môi trường bán rắn làm thức ăn cho gà đẻ trứng: Luận án Tiến sĩ Kỹ thuật - Chuyên ngành: Công nghệ Thực phẩm và Đồ uống 
245 0 |c Nguyễn, Thị Minh Nguyệt 
260 |b Trường Đại học Bách Khoa Tp. Hồ Chí Minh 
260 |c 2011 
650 |a Công nghệ thực phẩm 
927 |a Luận văn 
980 |a Trung tâm Thư viện - Trường Đại học Công nghiệp TP. Hồ Chí Minh